书目信息 |
| 题名: |
无网格方法
|
|
| 作者: | 程玉民 著 | |
| 分册: | 上册 | |
| 出版信息: | 北京 科学出版社 2015.2 |
|
| 页数: | 493页 | |
| 开本: | 24cm | |
| 丛书名: | ||
| 单 册: | ||
| 中图分类: | O302 | |
| 科图分类: | ||
| 主题词: | 计算力学 | |
| 电子资源: | ||
| ISBN: | 978-7-03-043020-5 | |
| 000 | 00752nam0 2200229 450 | |
| 001 | 0400004909 | |
| 005 | 20171026151516.67 | |
| 010 | @a978-7-03-043020-5@dCNY158.00 | |
| 100 | @a20150712d2015 em y0chiy50 ea | |
| 101 | 0 | @achi |
| 102 | @aCN@b110000 | |
| 105 | @ay z 001yy | |
| 106 | @ar | |
| 200 | 1 | @a无网格方法@9wu wang ge fang fa@h上册@f程玉民著 |
| 210 | @a北京@c科学出版社@d2015.2 | |
| 215 | @a493页@d24cm | |
| 330 | @a本书主要包括:无网格方法的研究进展及存在的问题、无网格方法的逼近函数、改进的无单元Galerkin方法、插值型无单元Galerkin方法、边界无单元法和无网格方法的数学理论等内容。 | |
| 606 | 0 | @a计算力学 |
| 690 | @aO302@v5 | |
| 701 | 0 | @a程玉民@9cheng yu min@4著 |
| 801 | 0 | @aCN@b91MARC@c20171025 |
| 905 | @b1039861-4@dO302@f4@e78:1 | |
| 无网格方法.上册/程玉民著.-北京:科学出版社,2015.2 |
| 493页;24cm |
| ISBN 978-7-03-043020-5:CNY158.00 |
| 本书主要包括:无网格方法的研究进展及存在的问题、无网格方法的逼近函数、改进的无单元Galerkin方法、插值型无单元Galerkin方法、边界无单元法和无网格方法的数学理论等内容。 |
| ● |
| 相关链接 |
|
|
|
|
正题名:无网格方法
索取号:O302/78:1
 
预约/预借
| 序号 | 登录号 | 条形码 | 馆藏地/架位号 | 状态 | 备注 |
| 1 | 1039861 | 210398611 | 第二样本阅览室/ [索取号:O302/78:1] | 在馆 | |
| 2 | 1039862 | 210398620 | 密集书库-数信学院/ [索取号:O302/78:1] | 在馆 | |
| 3 | 1039863 | 210398639 | 第三借阅区/ [索取号:O302/78:1] | 在馆 | |
| 4 | 1039864 | 210398648 | 第三借阅区/ [索取号:O302/78:1] | 在馆 |